| Tag |
First Indicator |
Second Indicator |
Subfields |
| LEADER |
00000cam a2200000Ia 4500 |
| 001 |
in00003531349 |
| 005 |
20151105232929.0 |
| 008 |
150401t20152015orua b 000 0 eng d |
| 019 |
|
|
|a 906010867
|a 910078885
|
| 020 |
|
|
|a 9781498200042
|
| 020 |
|
|
|a 1498200044
|
| 020 |
|
|
|a 1498200052
|
| 020 |
|
|
|a 9781498200059
|
| 035 |
|
|
|a (OCoLC)ocn907204033
|
| 035 |
|
|
|a (OCoLC)907204033
|
| 040 |
|
|
|a BTCTA
|b eng
|c BTCTA
|d YDXCP
|d EXN
|d OCLCO
|d UAB
|d GHS
|d CDX
|d UtOrBLW
|
| 049 |
|
|
|a TXAM
|
| 050 |
|
4 |
|a BL240.3
|b .I7 2015
|
| 082 |
0 |
4 |
|a 201.7
|2 23
|
| 245 |
0 |
0 |
|a Irreconcilable differences? :
|b fostering dialogue among philosophy, theology, and science /
|c edited by Jason C. Robinson and David A. Peck ; foreword by Brian McLaren.
|
| 264 |
|
1 |
|a Eugene, Oregon :
|b Pickwick Publications,
|c [2015]
|
| 264 |
|
4 |
|c ©2015
|
| 300 |
|
|
|a xxii, 222 pages :
|b illustrations ;
|c 23 cm
|
| 336 |
|
|
|a text
|b txt
|2 rdacontent
|
| 337 |
|
|
|a unmediated
|b n
|2 rdamedia
|
| 338 |
|
|
|a volume
|b nc
|2 rdacarrier
|
| 504 |
|
|
|a Includes bibliographical references.
|
| 520 |
|
|
|a What if philosophy, theology, and science spent a little more time together? These fields often seem at odds, butting metaphysical heads. Instead of talking at, how about talking with one another? This book engages three academic disciplines--distinct yet sharing much in common--in a slice of conversation and community in which participants have aimed at validating the other and the way the other sees the world. The result is a collection of essays united by a thread that can be hard to find in academia. In bringing together a wide range of contributors on a project that at first seemed unlikely, Irreconcilable Differences? is also a testament to the spirit of cooperation and hard work--evidence that small acts and events can make a big difference, and that sometimes all you need in order to make something good happen is an idea with a little support along the way. The editors of this collection are hopeful that its contributors and readers will keep looking for ways to bridge academic, social, and political gaps. We need to forge relationships based on personal knowledge and proper confidence seeking to make meaningful claims in an increasingly complex world.
|
| 505 |
0 |
0 |
|t The superiority of theology over philosophy /
|r Jean Grondin --
|t Philosophy/theology/religion /
|r Gary B. Madison --
|t Philosophy and faith /
|r Henry Pietersma --
|t The understanding of being: the case of St. Anselm /
|r Graeme Nicholson --
|t Reformers, philosophers, Kierkegaard, and the Akedah Yitzakh /
|r Victor A. Shepherd --
|t A phenomenological analysis of basic concepts shared by evolutionary theory and intelligent design /
|r Jeff Mitscherling --
|t Faith in reason and faithful reasoning: Polanyi's fiduciary program as common ground between philosophy and theology /
|r Martin X. Moleski --
|t Religion and philosophy: same content, different form--what does Hegel mean? /
|r Jay Lampert --
|t "Truth is subjectivity": the religious and the secular within the bounds of Kierkegaard and Kant /
|r Brayton Polka --
|t We have never been secular: the politics of reading scripture and practicing theology /
|r Mark Alan Bowald --
|t Why Spinozists and Kierkegaardians should love each other /
|r Michael Strawser --
|t Thinking of everything: scientific and theological challenges of the multiverse /
|r Robert B. Mann --
|t Galileo's hermeneutical model: the reconciliation of scripture and science /
|r Jennifer Hart Weed --
|t Philosophical hermeneutics and the natural sciences: a conflict in progress /
|r Jason C. Robinson --
|t Muhammad Iqbal: a reformist Islamic philosophy of science /
|r H. Chad Hillier.
|
| 650 |
|
0 |
|a Religion and science.
|
| 650 |
|
0 |
|a Philosophy and religion.
|
| 700 |
1 |
|
|a Robinson, Jason,
|d 1976-
|e editor.
|
| 700 |
1 |
|
|a Peck, David A.,
|d 1965-
|e editor.
|
| 700 |
1 |
|
|a McLaren, Brian D.,
|d 1956-
|
| 938 |
|
|
|a Baker and Taylor
|b BTCP
|n BK0016858558
|
| 938 |
|
|
|a YBP Library Services
|b YANK
|n 12359757
|
| 938 |
|
|
|a Coutts Information Services
|b COUT
|n 31249096
|
| 947 |
|
|
|a A14842895089
|
| 945 |
|
|
|a PromptCat
|b 267349
|
| 946 |
|
|
|a stk
|
| 994 |
|
|
|a 92
|b TXA
|
| 948 |
|
|
|a Cataloged
|b h
|c 2015/7/30
|d c
|e AReeder
|
| 999 |
|
|
|a MARS
|
| 999 |
f |
f |
|s 9f24d9bd-550e-378f-a308-90748115b257
|i 1839c758-0214-3ea5-ad87-0aa5327a1996
|t 0
|
| 952 |
f |
f |
|p normal
|a Texas A&M University
|b College Station
|c Sterling C. Evans Library
|d Evans: Library Stacks
|t 0
|e BL240.3 .I7 2015
|h Library of Congress classification
|i unmediated -- volume
|m A14842895089
|
| 998 |
f |
f |
|a BL240.3 .I7 2015
|t 0
|l Evans: Library Stacks
|